The Eternal Abyss (TEA) - All Towers - Statistics

General Stats
  • This quiz has been taken 28 times
  • The average score is 49 of 158
Answer Stats
Difficulty The Eternal Abyss % Correct
Easy Tower of Modernistic Design Choices
93%
Insane Tower Tower Tower Tower
87%
Easy Tower of Naive Facades
73%
Unreal Citadel of Cold Blooded Fatality
67%
Unreal Citadel of Infinite Void
67%
Unreal Citadel of The Eternal Calamity
67%
Unreal Sadistically Terrifying Overachieving Neglectful Enragement Facility
67%
Unreal Tower of Spiralling Fates
67%
Unreal Tower of Wigglecore
67%
Unreal Tower of Blind Fate
60%
Extreme Tower of Ease to Abyss
60%
Horrific Tower of Malefic Nuisances
60%
Unreal Tower of Monochromatic Haze
60%
Unreal Tower of Qwerty Uiop
60%
Horrific Tower of Water Melon
60%
Terrifying Steeple of Polynomial-C
53%
Insane Tower of Difficulty Chart
53%
Catastrophic Tower of Elongated Runs
53%
Horrific Tower of Eternal Void
53%
Catastrophic Tower of Generation Failure
53%
Extreme Tower of Increasing Heart Rates
53%
Unreal Tower of It Never Ends
53%
Terrifying Tower of Quantum Quadrivium
53%
Insane Tower of Satan's Wrath
53%
Unreal Tower of Sudden Death
53%
Horrific Tower of The Roof's Pique
53%
Horrific Tower of Thje Wall
53%
Horrific Tower of Umrah Market
53%
Unreal Great Citadel of Great Difficulty Chart
47%
Catastrophic Tower of Cataclysmic Layers
47%
Insane Tower of Cruel Punishments
47%
Horrific Tower of Flagrant Aggravation
47%
Insane Tower of Franchun's Lullaby
47%
Unreal Tower of Impending Doom
47%
Horrific Tower of Lavender Lustre
47%
Easy Tower of One Equals Zero
47%
Unreal Tower of Paradise
47%
Insane Tower of Reddish Monolith
47%
Unreal Tower of The Concluding Run
47%
Terrifying Tower of Unrelenting Precipice
47%
Terrifying Tower of Vindictive Manuevers
47%
Unreal Tower of Zen Surplus
47%
Horrific Ukraine Tower
47%
Catastrophic Was A Tower
47%
Catastrophic Barely Even A Tower
40%
Catastrophic Citadel of Latest Difficulty Chart
40%
Unreal Tower of Flotage
40%
Catastrophic Tower of Linear Jank
40%
Catastrophic Tower of Overthinking Life Choices
40%
Horrific Tower of Quite Devious
40%
Catastrophic Tower of Thin Mints
40%
Catastrophic Tower of Vacant Hindrances
40%
Horrific Doomsday Tower
33%
Catastrophic Sadistically Terrifying Overachieving Neglectful Enragement Facility Classic
33%
Horrific Steeple of Nilly Bob
33%
Catastrophic Steeple of Quill Canyon
33%
Terrifying S.T.O.N.E. VIP
33%
Insane Tower of Brain Damage
33%
Terrifying Tower of Cruel Underestimated Parkour
33%
Insane Tower of Distorted Nightmares
33%
Insane Tower of Forever Resetting
33%
Catastrophic Tower of Heaven's Gate
33%
Unreal Tower of Insane Zodiac
33%
Catastrophic Tower of Isoprophl-X
33%
Horrific Tower of Lucas Penteado
33%
Horrific Tower of Luminous Reflections
33%
Catastrophic Tower of Melodramatic Esoteric Nebulosity
33%
Catastrophic Tower of Monty Mole Mayhem
33%
Unreal Tower of My Inner Hatred
33%
Unreal Tower of The Quest For Perfection
33%
Catastrophic Tower of Tortuous Oblivion
33%
Terrifying Tower of Undying Light
33%
Terrifying Tower of Vivid Distress
33%
Horrific Steeple of Cheese Burger
27%
Terrifying Tower of Atrocious Truss Catastrophe
27%
Extreme Tower of Blueish Monolith
27%
Catastrophic Tower of Colossal Crossroad Climbing
27%
Horrific Tower of Corruption's Embrace
27%
Extreme Tower of Dreamstate
27%
Catastrophic Tower of Fervent Imperfection
27%
Horrific Tower of Futile Perusal
27%
Terrifying Tower of Hellish Nightmares
27%
Horrific Tower of Inferno Galore
27%
Horrific Tower of Jabberwock Jagger
27%
Horrific Tower of Prismal Radiance
27%
Catastrophic Tower of Ring Rang Rung Rong
27%
Catastrophic Tower of S Pi Ra Ls
27%
Horrific Tower of The Sky's The Limit
27%
Insane Tower of True Confusion
27%
Terrifying Tower of Xerically Infuriating Calamity
27%
Extreme Big Outside Annihilation Tower
20%
Terrifying Citadel of Walkies
20%
Insane Steeple of Esoteric Arcane
20%
Extreme Steeple of Exponential Difficulty
20%
Extreme Tower Exists, Tower Obsolete
20%
Catastrophic Tower of Centchade
20%
Extreme Tower of Converged Agitation
20%
Horrific Tower of Disturbing Dread
20%
Catastrophic Tower of Glory
20%
Catastrophic Tower of Inner Repose
20%
Insane Tower of Keepin' It Together
20%
Terrifying Tower of Kino
20%
Catastrophic Tower of Meaningfulness
20%
Catastrophic Tower of Melancholic Misery
20%
Catastrophic Tower of Missing Benefits
20%
Terrifying Tower of Opposition
20%
Catastrophic Tower of Organamix Twistalivious
20%
Catastrophic Tower of Pure Capability
20%
Extreme Tower of Pure Torment
20%
Insane Tower of Purified Illusions
20%
Terrifying Tower of Quadratic Infinity
20%
Catastrophic Tower of Quadrilaterals
20%
Catastrophic Tower of Reproachful Eyewall
20%
Horrific Tower of Spiritual Rise
20%
Horrific Tower of Substantial Quietus
20%
Terrifying Tower of Swift Annihilation
20%
Horrific Tower of Thje Floor
20%
Extreme Tower of Uttermost Antagonism
20%
Horrific Tower of Vague Luminescence
20%
Terrifying Unnerfed Thanos Tower
20%
Terrifying Kaizo Steeple
13%
Horrific Steeple of Daze
13%
Catastrophic Steeple of Pole Pole Pole
13%
Terrifying Tower of Chacina Violenta
13%
Catastrophic Tower of Challenging Obstacle Anarchy
13%
Terrifying Tower of Hazardous Catastrophe
13%
Extreme Tower of Prismatic Haze
13%
Extreme Tower of Quadruple The Pain
13%
Extreme Tower of Raw, Unfiltered Skill
13%
Terrifying Tower of Roughly Rotated Ruin
13%
Catastrophic Tower of Ruthless Royal Architecture
13%
Insane Tower of Seeking Unused Techniques
13%
Insane Tower of Selling Your Soul
13%
Catastrophic Tower of Terse Persecution
13%
Horrific Tower of The Bussin
13%
Horrific Tower of The Homefinder
13%
Insane Tower of Thinning Vengeance
13%
Horrific Tower of Twenty Two
13%
Extreme Tower of Unraveled Code
13%
Horrific Sans Steeple
7%
Insane Tower of Accepting Defeat
7%
Horrific Tower of Brief Emnity
7%
Catastrophic Tower of Campion's Road
7%
Terrifying Tower of Chromatic Density
7%
Horrific Tower of Dissociative Force
7%
Terrifying Tower of Flipping Everything
7%
Horrific Tower of Fragile Balance
7%
Catastrophic Tower of Otherworldly Expertise
7%
Catastrophic Tower of Shunning Excursions
7%
Extreme Tower of The Detrimental Dexterity
7%
Extreme Steeple of Gasilly Basilly
0%
Terrifying Tower Hitbox and Health Abuse
0%
Terrifying Tower of Everlasting Darkness
0%
Terrifying Tower of Excruciating Anguish
0%
Terrifying Tower of Expected Outcomes
0%
Terrifying Tower of Perplexed Ascent
0%
Extreme Tower of Room Destruction
0%
Terrifying Tower of Tranquil Resonance
0%
No matching quizzes found
Score Distribution
Percent of People with Each Score
Percentile by Number Answered
Your Score History
You have not taken this quiz